| 000 | 00789nam a2200253Ia 4500 | ||
|---|---|---|---|
| 003 | OSt | ||
| 005 | 20220928115123.0 | ||
| 006 | a|||||r|||| 00| 0 | ||
| 007 | ta | ||
| 008 | 220927b |||||||| |||| 00| 0 eng d | ||
| 020 | _cINR 1895.00 | ||
| 024 | _a139331 | ||
| 037 |
_b50, 29/01/2019, Better Book Service _cTextual |
||
| 040 |
_aSDCL _cSDCL _beng |
||
| 041 |
_2eng _aeng |
||
| 082 | _aQ2:21, Q8 | ||
| 100 |
_aOlivelle Patrick _9443130 |
||
| 245 | 0 |
_aLaw code of Visnu _b A critical edition and annotated translation of the Vaishnava-Dharmsastra |
|
| 260 |
_aDelhi _bPrimus books _c2018 |
||
| 300 |
_ax,593p. _ccm. |
||
| 650 | _aPhilosophy | ||
| 942 |
_hQ2:21, Q8 _cTEXL _2CC |
||
| 999 |
_c758282 _d758282 |
||